000 00463nam a2200193Ia 4500
001 41006
005 20240114003401.0
007 ta
008 080201s a g b000 u 903 u
041 _a903
082 _a310
_bGu 959 Fa
100 _aGupta, S C .
245 0 _aApplied Statistics /
_cS C Gupta & V K Kapoor.
_hTextual Documents
300 _bill ;
653 _aApplied Statistics
653 _aG-Statistics
942 _2ddc
_cBK
999 _c40976
_d40976